[Event "Irena Warakomska Memorial A"]
[Site "Suwalki"]
[Date "2021.08.03"]
[Round "9"]
[White "Szpar, Milosz"]
[Black "Szadkowski, Kamil"]
[Result "1-0"]
[Board "9"]
[WhiteElo "2392"]
[WhiteTitle "FM"]
[WhiteCountry "POL"]
[WhiteFideId "1184989"]
[WhiteEloChange "7"]
[BlackElo "2282"]
[BlackTitle "FM"]
[BlackCountry "POL"]
[BlackFideId "1123203"]
[BlackEloChange "-7"]

1. e4 {[%clk 1:25:49]} c5 {[%clk 1:30:56]} 2. Nf3 {[%clk 1:26:08]} d6 {[%clk
1:31:22]} 3. c3 {[%clk 1:26:02]} Nf6 {[%clk 1:30:26]} 4. h3 {[%clk 1:26:22]} Nc6
{[%clk 1:29:42]} 5. Bd3 {[%clk 1:26:39]} d5 {[%clk 1:27:43]} 6. exd5 {[%clk
1:26:46]} Qxd5 {[%clk 1:27:32]} 7. Qe2 {[%clk 1:27:07]} e6 {[%clk 1:27:10]} 8.
O-O {[%clk 1:26:10]} Be7 {[%clk 1:27:19]} 9. Bc4 {[%clk 1:26:12]} Qd6 {[%clk
1:25:36]} 10. Rd1 {[%clk 1:22:50]} O-O {[%clk 1:24:06]} 11. d4 {[%clk 1:23:10]}
cxd4 {[%clk 1:20:35]} 12. Nxd4 {[%clk 1:20:10]} Nxd4 {[%clk 1:19:02]} 13. Rxd4
{[%clk 1:20:13]} Qb6 {[%clk 1:18:13]} 14. Nd2 {[%clk 1:09:05]} Rd8 {[%clk
1:07:18]} 15. Nb3 {[%clk 1:05:08]} Rxd4 {[%clk 1:06:54]} 16. Nxd4 {[%clk
1:05:31]} Bd7 {[%clk 1:05:48]} 17. Bf4 {[%clk 1:01:00]} Rc8 {[%clk 0:52:47]} 18.
Rd1 {[%clk 0:54:55]} Qc5 {[%clk 0:47:36]} 19. Bb3 {[%clk 0:48:30]} b5 {[%clk
0:43:19]} 20. Be5 {[%clk 0:46:08]} a5 {[%clk 0:39:22]} 21. Nf5 {[%clk 0:41:30]}
a4 {[%clk 0:18:18]} 22. Nxe7+ {[%clk 0:34:17]} Qxe7 {[%clk 0:18:31]} 23. Bxf6
{[%clk 0:34:19]} gxf6 {[%clk 0:18:56]} 24. Bc2 {[%clk 0:34:16]} Bc6 {[%clk
0:18:19]} 25. Qg4+ {[%clk 0:25:25]} Kf8 {[%clk 0:18:36]} 26. Bxh7 {[%clk
0:25:34]} Ke8 {[%clk 0:19:02]} 27. Be4 {[%clk 0:22:49]} Bxe4 {[%clk 0:18:59]} 28.
Qxe4 {[%clk 0:23:14]} a3 {[%clk 0:19:01]} 29. bxa3 {[%clk 0:19:49]} Qxa3 {[%clk
0:18:55]} 30. Qb7 {[%clk 0:18:23]} Qxc3 {[%clk 0:18:54]} 31. Qxb5+ {[%clk
0:18:00]} Kf8 {[%clk 0:19:19]} 32. a4 {[%clk 0:18:01]} Rc5 {[%clk 0:13:28]} 33.
Qb8+ {[%clk 0:15:28]} Kg7 {[%clk 0:13:41]} 34. Rb1 {[%clk 0:08:42]} Rg5 {[%clk
0:13:17]} 35. Qf4 {[%clk 0:06:56]} Qc6 {[%clk 0:13:41]} 36. g3 {[%clk 0:05:28]}
Rf5 {[%clk 0:10:40]} 37. Qg4+ {[%clk 0:04:25]} Rg5 {[%clk 0:11:06]} 38. Qh4
{[%clk 0:04:12]} Re5 {[%clk 0:10:46]} 39. Qg4+ {[%clk 0:02:15]} Rg5 {[%clk
0:11:14]} 40. Qb4 {[%clk 0:32:32]} Rf5 {[%clk 0:38:02]} 41. h4 {[%clk 0:26:13]}
Qc2 {[%clk 0:37:01]} 42. Rb2 {[%clk 0:25:22]} Qd1+ {[%clk 0:37:10]} 43. Kh2
{[%clk 0:23:56]} Re5 {[%clk 0:36:30]} 44. Rd2 {[%clk 0:17:22]} Qf1 {[%clk
0:32:54]} 45. Qg4+ {[%clk 0:14:36]} Kh7 {[%clk 0:32:06]} 46. Qf3 {[%clk 0:13:06]}
Rf5 {[%clk 0:31:45]} 47. Qe2 {[%clk 0:12:44]} Qb1 {[%clk 0:31:25]} 48. Ra2 {[%clk
0:12:27]} Qb6 {[%clk 0:31:03]} 49. Qd2 {[%clk 0:12:08]} Ra5 {[%clk 0:31:09]} 50.
Rb2 {[%clk 0:11:42]} Qa7 {[%clk 0:29:28]} 51. Rb7 {[%clk 0:10:11]} Qxb7 {[%clk
0:29:35]} 52. Qxa5 {[%clk 0:10:34]} Qb2 {[%clk 0:29:37]} 53. Qa7 {[%clk 0:10:53]}
Kg7 {[%clk 0:29:07]} 54. a5 {[%clk 0:11:16]} e5 {[%clk 0:29:35]} 55. a6 {[%clk
0:09:08]} e4 {[%clk 0:30:03]} 56. Qe3 {[%clk 0:08:22]} Qa2 {[%clk 0:29:37]} 57.
a7 {[%clk 0:08:48]} Qa4 {[%clk 0:30:03]} 58. Kg2 {[%clk 0:07:14]} Qa2 {[%clk
0:30:25]} 59. Qd4 {[%clk 0:06:34]} Qa6 {[%clk 0:30:37]} 60. Qe3 {[%clk 0:05:14]}
Qc6 {[%clk 0:30:26]} 61. Kh2 {[%clk 0:04:51]} Qa4 {[%clk 0:29:39]} 62. Qb6 {[%clk
0:04:03]} Qa2 {[%clk 0:29:59]} 63. Kg1 {[%clk 0:03:47]} Qa1+ {[%clk 0:29:48]} 64.
Kg2 {[%clk 0:04:07]} Qa2 {[%clk 0:30:16]} 65. g4 {[%clk 0:02:55]} Qa3 {[%clk
0:28:59]} 66. Qe3 {[%clk 0:03:15]} Qa2 {[%clk 0:28:56]} 67. Qd4 {[%clk 0:03:22]}
Qa3 {[%clk 0:28:54]} 68. g5 {[%clk 0:01:23]} Qf3+ {[%clk 0:29:16]} 69. Kf1 {[%clk
0:01:48]} Qh1+ {[%clk 0:29:26]} 70. Ke2 {[%clk 0:02:14]} Qf3+ {[%clk 0:29:53]}
71. Ke1 {[%clk 0:02:24]} Kh7 {[%clk 0:29:31]} 72. Qxf6 {[%clk 0:02:17]} Qc3+
{[%clk 0:29:44]} 73. Qxc3 {[%clk 0:02:41]} 1-0

[Event "Irena Warakomska Memorial A"]
[Site "Suwalki"]
[Date "2021.08.03"]
[Round "9"]
[White "Kubicka, Anna"]
[Black "Lewtak, Damian"]
[Result "0-1"]
[Board "10"]
[WhiteElo "2210"]
[WhiteTitle "WIM"]
[WhiteCountry "POL"]
[WhiteFideId "1152254"]
[WhiteEloChange "-5"]
[BlackElo "2380"]
[BlackTitle "IM"]
[BlackCountry "POL"]
[BlackFideId "1141724"]
[BlackEloChange "5"]

1. e4 {[%clk 1:30:04]} c5 {[%clk 1:20:27]} 2. Nf3 {[%clk 1:30:24]} e6 {[%clk
1:20:31]} 3. d4 {[%clk 1:30:44]} cxd4 {[%clk 1:20:50]} 4. Nxd4 {[%clk 1:31:08]}
Nc6 {[%clk 1:19:48]} 5. Nc3 {[%clk 1:31:28]} Qc7 {[%clk 1:19:14]} 6. Be3 {[%clk
1:31:47]} a6 {[%clk 1:18:23]} 7. Qf3 {[%clk 1:31:39]} Nxd4 {[%clk 1:16:25]} 8.
Bxd4 {[%clk 1:32:02]} Ne7 {[%clk 1:16:48]} 9. Qg3 {[%clk 1:28:59]} Qxg3 {[%clk
1:16:26]} 10. hxg3 {[%clk 1:29:20]} Nc6 {[%clk 1:14:12]} 11. Bb6 {[%clk 1:26:50]}
Bb4 {[%clk 1:12:31]} 12. Kd2 {[%clk 1:25:40]} Ba5 {[%clk 1:12:17]} 13. Bxa5
{[%clk 1:23:55]} Nxa5 {[%clk 1:12:42]} 14. e5 {[%clk 1:15:34]} Ke7 {[%clk
1:12:56]} 15. Ne4 {[%clk 1:09:07]} h6 {[%clk 1:12:10]} 16. Ke3 {[%clk 0:59:20]}
b6 {[%clk 1:11:30]} 17. Rd1 {[%clk 0:53:45]} Bb7 {[%clk 1:06:22]} 18. Nd6 {[%clk
0:45:28]} Bc6 {[%clk 1:03:32]} 19. Rh4 {[%clk 0:45:12]} b5 {[%clk 0:59:17]} 20.
Rg4 {[%clk 0:29:33]} g5 {[%clk 0:53:20]} 21. b4 {[%clk 0:19:40]} Nb7 {[%clk
0:53:17]} 22. Nxb7 {[%clk 0:18:30]} Bxb7 {[%clk 0:53:42]} 23. Rgd4 {[%clk
0:18:58]} Rhd8 {[%clk 0:49:31]} 24. c4 {[%clk 0:18:17]} Bc6 {[%clk 0:48:15]} 25.
Be2 {[%clk 0:16:02]} bxc4 {[%clk 0:47:16]} 26. Bxc4 {[%clk 0:11:48]} Rdb8 {[%clk
0:47:33]} 27. Be2 {[%clk 0:10:23]} Ra7 {[%clk 0:47:34]} 28. Bf3 {[%clk 0:06:43]}
Bxf3 {[%clk 0:47:51]} 29. Kxf3 {[%clk 0:06:23]} a5 {[%clk 0:46:30]} 30. a3 {[%clk
0:04:57]} axb4 {[%clk 0:43:19]} 31. axb4 {[%clk 0:05:22]} Rbb7 {[%clk 0:43:47]}
32. Rh1 {[%clk 0:04:47]} Rb5 {[%clk 0:44:04]} 33. Re4 {[%clk 0:03:06]} Ra3+
{[%clk 0:44:28]} 34. Kg4 {[%clk 0:03:22]} Ra2 {[%clk 0:44:54]} 35. Kf3 {[%clk
0:02:28]} Rd5 {[%clk 0:44:48]} 36. Rxh6 {[%clk 0:02:40]} Rdd2 {[%clk 0:44:52]}
37. Kg4 {[%clk 0:02:14]} Rxf2 {[%clk 0:45:16]} 38. Kxg5 {[%clk 0:02:03]} Rxg2
{[%clk 0:45:18]} 39. Kf4 {[%clk 0:00:40]} Rgf2+ {[%clk 0:44:04]} 40. Kg4 {[%clk
0:30:43]} Rfe2 {[%clk 1:11:09]} 41. Rf4 {[%clk 0:29:14]} Rxe5 {[%clk 1:01:54]}
42. Rh7 {[%clk 0:28:29]} Kd6 {[%clk 1:02:17]} 43. Rhxf7 {[%clk 0:20:27]} Rd5
{[%clk 1:01:14]} 44. Kh4 {[%clk 0:18:33]} Rh2+ {[%clk 0:58:03]} 45. Kg4 {[%clk
0:19:01]} Rb2 {[%clk 0:58:26]} 46. Kh4 {[%clk 0:18:13]} Rh2+ {[%clk 0:52:32]} 47.
Kg4 {[%clk 0:18:40]} Rd3 {[%clk 0:52:52]} 48. Rg7 {[%clk 0:12:24]} Kc6 {[%clk
0:51:02]} 49. Rc4+ {[%clk 0:09:01]} Kd5 {[%clk 0:51:17]} 50. Rc5+ {[%clk
0:08:23]} Kd6 {[%clk 0:51:29]} 51. Rb5 {[%clk 0:06:48]} Rb2 {[%clk 0:44:21]} 52.
Kh5 {[%clk 0:03:03]} Rh2+ {[%clk 0:43:42]} 53. Kg4 {[%clk 0:03:27]} Rh1 {[%clk
0:44:08]} 54. Kf4 {[%clk 0:02:56]} Rf1+ {[%clk 0:37:29]} 55. Kg4 {[%clk 0:01:43]}
Rxg3+ {[%clk 0:37:46]} 56. Kxg3 {[%clk 0:02:09]} Rg1+ {[%clk 0:38:12]} 57. Kf4
{[%clk 0:02:26]} Rxg7 {[%clk 0:38:37]} 58. Ra5 {[%clk 0:02:05]} Rh7 {[%clk
0:38:28]} 59. Ke3 {[%clk 0:00:52]} Rh4 {[%clk 0:37:42]} 60. Rb5 {[%clk 0:00:42]}
Kc6 {[%clk 0:38:02]} 61. Rb8 {[%clk 0:01:10]} Rh5 {[%clk 0:37:37]} 62. Rc8+
{[%clk 0:00:39]} Kb7 {[%clk 0:37:43]} 63. Rg8 {[%clk 0:00:40]} Rh4 {[%clk
0:37:32]} 64. Rg7 {[%clk 0:00:59]} Kc7 {[%clk 0:37:50]} 65. b5 {[%clk 0:01:27]}
Rh5 {[%clk 0:37:47]} 66. b6+ {[%clk 0:01:41]} Kc6 {[%clk 0:38:08]} 67. Kd4 {[%clk
0:01:15]} Rb5 {[%clk 0:38:31]} 68. Rg1 {[%clk 0:00:53]} Rxb6 {[%clk 0:38:54]} 69.
Ke5 {[%clk 0:01:02]} Rb5+ {[%clk 0:39:18]} 70. Ke4 {[%clk 0:01:30]} Kd6 {[%clk
0:39:43]} 71. Rd1+ {[%clk 0:01:54]} Ke7 {[%clk 0:40:10]} 72. Rd4 {[%clk 0:01:51]}
Rh5 {[%clk 0:40:33]} 73. Rd1 {[%clk 0:02:11]} Rh4+ {[%clk 0:40:51]} 74. Ke3
{[%clk 0:02:32]} d5 {[%clk 0:41:15]} 75. Ra1 {[%clk 0:02:57]} Kd6 {[%clk
0:41:38]} 76. Kd3 {[%clk 0:03:22]} Rh3+ {[%clk 0:42:04]} 77. Kd2 {[%clk 0:03:49]}
d4 {[%clk 0:41:48]} 78. Ra6+ {[%clk 0:03:43]} Kd5 {[%clk 0:42:11]} 79. Rb6 {[%clk
0:03:45]} e5 {[%clk 0:42:34]} 80. Rg6 {[%clk 0:04:13]} Rh2+ {[%clk 0:42:55]} 81.
Kd1 {[%clk 0:04:36]} e4 {[%clk 0:43:15]} 82. Rg5+ {[%clk 0:04:11]} Kc4 {[%clk
0:43:37]} 83. Ra5 {[%clk 0:04:40]} e3 {[%clk 0:43:55]} 84. Ra4+ {[%clk 0:04:28]}
Kc3 {[%clk 0:44:17]} 85. Ra3+ {[%clk 0:03:59]} Kb4 {[%clk 0:44:41]} 86. Ra8
{[%clk 0:04:03]} d3 {[%clk 0:45:04]} 87. Rb8+ {[%clk 0:04:25]} Ka5 {[%clk
0:45:24]} 88. Kc1 {[%clk 0:04:41]} Rh1+ {[%clk 0:45:48]} 89. Kb2 {[%clk 0:05:06]}
e2 {[%clk 0:46:07]} 0-1

[Event "Irena Warakomska Memorial A"]
[Site "Suwalki"]
[Date "2021.08.03"]
[Round "9"]
[White "Golecki, Jan"]
[Black "Lukasiewicz, Krzysztof"]
[Result "0-1"]
[Board "11"]
[WhiteElo "2161"]
[WhiteCountry "POL"]
[WhiteFideId "1184008"]
[WhiteEloChange "-5"]
[BlackElo "2359"]
[BlackTitle "FM"]
[BlackCountry "POL"]
[BlackFideId "1166042"]
[BlackEloChange "5"]

1. d4 {[%clk 1:30:49]} Nf6 {[%clk 1:30:32]} 2. c4 {[%clk 1:31:03]} e6 {[%clk
1:30:58]} 3. Nc3 {[%clk 1:31:29]} Bb4 {[%clk 1:31:10]} 4. e3 {[%clk 1:31:51]} O-O
{[%clk 1:31:03]} 5. Bd3 {[%clk 1:30:42]} d5 {[%clk 1:26:46]} 6. cxd5 {[%clk
1:29:54]} exd5 {[%clk 1:25:08]} 7. Nf3 {[%clk 1:30:18]} Re8 {[%clk 1:16:01]} 8.
Ne5 {[%clk 1:26:00]} Nbd7 {[%clk 1:02:22]} 9. Nxd7 {[%clk 1:26:25]} Qxd7 {[%clk
1:02:22]} 10. O-O {[%clk 1:25:25]} c6 {[%clk 1:01:20]} 11. f3 {[%clk 1:25:00]}
Qd8 {[%clk 0:53:31]} 12. a3 {[%clk 1:24:27]} Bf8 {[%clk 0:53:55]} 13. Kh1 {[%clk
1:16:19]} Be6 {[%clk 0:51:08]} 14. Ne2 {[%clk 1:13:58]} Qd7 {[%clk 0:47:29]} 15.
Qc2 {[%clk 1:06:46]} Rac8 {[%clk 0:44:58]} 16. e4 {[%clk 1:01:53]} dxe4 {[%clk
0:43:11]} 17. fxe4 {[%clk 1:02:17]} c5 {[%clk 0:43:11]} 18. d5 {[%clk 1:01:26]}
c4 {[%clk 0:42:52]} 19. dxe6 {[%clk 0:53:55]} Qxe6 {[%clk 0:40:24]} 20. Bxc4
{[%clk 0:47:15]} Qxc4 {[%clk 0:35:31]} 21. Qxc4 {[%clk 0:45:07]} Rxc4 {[%clk
0:35:58]} 22. Nc3 {[%clk 0:35:29]} Nxe4 {[%clk 0:33:20]} 23. Nxe4 {[%clk
0:35:51]} Rexe4 {[%clk 0:31:58]} 24. Bd2 {[%clk 0:35:58]} Rc2 {[%clk 0:28:30]}
25. Bc3 {[%clk 0:36:18]} Ree2 {[%clk 0:27:23]} 26. Rac1 {[%clk 0:36:43]} Rxg2
{[%clk 0:16:39]} 27. Rxc2 {[%clk 0:37:08]} Rxc2 {[%clk 0:17:05]} 28. Rd1 {[%clk
0:36:59]} f5 {[%clk 0:17:31]} 29. Rd7 {[%clk 0:36:10]} f4 {[%clk 0:17:50]} 30.
Bd4 {[%clk 0:35:06]} Rd2 {[%clk 0:16:29]} 31. b4 {[%clk 0:34:45]} a5 {[%clk
0:14:52]} 32. h4 {[%clk 0:31:45]} axb4 {[%clk 0:15:11]} 33. axb4 {[%clk 0:32:11]}
f3 {[%clk 0:13:44]} 34. Kg1 {[%clk 0:31:27]} Bxb4 {[%clk 0:13:43]} 35. Rxg7+
{[%clk 0:30:58]} Kf8 {[%clk 0:14:10]} 36. Rxb7 {[%clk 0:29:13]} Rxd4 {[%clk
0:14:17]} 37. Kf2 {[%clk 0:29:15]} Rf4 {[%clk 0:14:29]} 38. Rc7 {[%clk 0:27:09]}
Ba5 {[%clk 0:14:24]} 39. Rb7 {[%clk 0:27:31]} Bc3 {[%clk 0:14:31]} 40. Rxh7
{[%clk 0:57:38]} Bd4+ {[%clk 0:44:55]} 41. Kf1 {[%clk 0:57:59]} Rg4 {[%clk
0:45:18]} 42. Rg7 {[%clk 0:58:15]} 0-1

[Event "Irena Warakomska Memorial A"]
[Site "Suwalki"]
[Date "2021.08.03"]
[Round "9"]
[White "Zakrzewski, Marek"]
[Black "Socko, Monika"]
[Result "0-1"]
[Board "12"]
[WhiteElo "2295"]
[WhiteTitle "FM"]
[WhiteCountry "POL"]
[WhiteFideId "1170694"]
[WhiteEloChange "-7"]
[BlackElo "2393"]
[BlackTitle "GM"]
[BlackCountry "POL"]
[BlackFideId "1106619"]
[BlackEloChange "7"]

1. e4 {[%clk 1:30:55]} Nf6 {[%clk 1:30:57]} 2. e5 {[%clk 1:31:17]} Nd5 {[%clk
1:31:24]} 3. c4 {[%clk 1:28:58]} Nb6 {[%clk 1:31:41]} 4. a4 {[%clk 1:29:23]} d6
{[%clk 1:32:01]} 5. a5 {[%clk 1:29:41]} N6d7 {[%clk 1:32:28]} 6. exd6 {[%clk
1:29:49]} cxd6 {[%clk 1:29:37]} 7. d4 {[%clk 1:30:01]} g6 {[%clk 1:29:25]} 8. Nf3
{[%clk 1:29:18]} Bg7 {[%clk 1:29:49]} 9. Be3 {[%clk 1:26:25]} O-O {[%clk
1:24:17]} 10. Be2 {[%clk 1:25:55]} d5 {[%clk 1:21:04]} 11. O-O {[%clk 1:20:20]}
Nf6 {[%clk 1:16:54]} 12. c5 {[%clk 1:09:59]} Nc6 {[%clk 1:13:47]} 13. a6 {[%clk
1:09:39]} bxa6 {[%clk 1:12:24]} 14. Bxa6 {[%clk 1:09:02]} Rb8 {[%clk 1:10:07]}
15. Nc3 {[%clk 0:46:44]} Ne4 {[%clk 0:51:03]} 16. Qa4 {[%clk 0:38:04]} Bd7 {[%clk
0:44:44]} 17. Bb5 {[%clk 0:36:41]} Nxc3 {[%clk 0:43:00]} 18. bxc3 {[%clk
0:37:04]} Rxb5 {[%clk 0:40:34]} 19. Qxb5 {[%clk 0:37:28]} Nxd4 {[%clk 0:40:53]}
20. Qa5 {[%clk 0:35:02]} Nxf3+ {[%clk 0:38:14]} 21. gxf3 {[%clk 0:35:24]} Qc8
{[%clk 0:37:51]} 22. Rfd1 {[%clk 0:23:06]} Bc6 {[%clk 0:30:33]} 23. Qa6 {[%clk
0:21:43]} Bb7 {[%clk 0:30:01]} 24. Qd3 {[%clk 0:22:00]} d4 {[%clk 0:26:07]} 25.
Bf4 {[%clk 0:07:15]} e5 {[%clk 0:23:04]} 26. Bg3 {[%clk 0:07:40]} Qxc5 {[%clk
0:23:18]} 27. cxd4 {[%clk 0:07:22]} exd4 {[%clk 0:22:33]} 28. Rdc1 {[%clk
0:06:09]} Qd5 {[%clk 0:21:46]} 29. Kg2 {[%clk 0:05:40]} a6 {[%clk 0:19:25]} 30.
Rc7 {[%clk 0:05:19]} Re8 {[%clk 0:16:31]} 31. Rd1 {[%clk 0:00:40]} h5 {[%clk
0:15:01]} 32. h3 {[%clk 0:01:09]} Bc6 {[%clk 0:12:08]} 33. Rd2 {[%clk 0:00:43]}
Bb5 {[%clk 0:10:24]} 34. Qa3 {[%clk 0:01:12]} d3 {[%clk 0:07:46]} 35. Bf4 {[%clk
0:01:40]} Bf8 {[%clk 0:05:54]} 36. Qc3 {[%clk 0:01:28]} g5 {[%clk 0:05:26]} 37.
Bg3 {[%clk 0:01:05]} g4 {[%clk 0:05:25]} 38. hxg4 {[%clk 0:01:34]} hxg4 {[%clk
0:05:52]} 39. Qf6 {[%clk 0:01:41]} Re1 {[%clk 0:03:09]} 40. Rc8 {[%clk 0:30:55]}
gxf3+ {[%clk 0:30:48]} 41. Kh2 {[%clk 0:30:53]} Qh5+ {[%clk 0:26:50]} 42. Qh4
{[%clk 0:30:27]} Qxh4+ {[%clk 0:24:42]} 43. Bxh4 {[%clk 0:30:54]} Kg7 {[%clk
0:25:03]} 44. Bf6+ {[%clk 0:28:48]} Kxf6 {[%clk 0:25:00]} 45. Rxf8 {[%clk
0:29:14]} Ke7 {[%clk 0:22:31]} 46. Rb8 {[%clk 0:28:14]} Re2 {[%clk 0:19:45]} 47.
Rd1 {[%clk 0:28:33]} d2 {[%clk 0:13:26]} 48. Kg3 {[%clk 0:27:02]} Ba4 {[%clk
0:13:03]} 49. Rbb1 {[%clk 0:27:25]} Bxd1 {[%clk 0:11:33]} 50. Rxd1 {[%clk
0:27:53]} a5 {[%clk 0:11:02]} 51. Kxf3 {[%clk 0:28:07]} Re6 {[%clk 0:11:30]} 52.
Rxd2 {[%clk 0:28:22]} a4 {[%clk 0:11:39]} 53. Rc2 {[%clk 0:25:55]} Ra6 {[%clk
0:11:44]} 54. Ke3 {[%clk 0:26:13]} a3 {[%clk 0:10:28]} 55. Ra2 {[%clk 0:26:37]}
Ke6 {[%clk 0:10:30]} 56. Kd2 {[%clk 0:26:53]} Ke5 {[%clk 0:10:27]} 57. Kc2 {[%clk
0:26:37]} Kf4 {[%clk 0:10:13]} 58. Kb1 {[%clk 0:26:59]} f5 {[%clk 0:09:15]} 59.
Rc2 {[%clk 0:27:22]} a2+ {[%clk 0:07:34]} 60. Ka1 {[%clk 0:27:42]} Kf3 {[%clk
0:07:52]} 61. Rb2 {[%clk 0:27:02]} Ra4 {[%clk 0:07:56]} 62. Rc2 {[%clk 0:27:20]}
f4 {[%clk 0:08:14]} 63. Rb2 {[%clk 0:27:38]} Kg2 {[%clk 0:08:25]} 64. Rc2 {[%clk
0:27:52]} f3 {[%clk 0:08:22]} 65. Rb2 {[%clk 0:28:16]} Re4 {[%clk 0:07:28]} 66.
Rc2 {[%clk 0:28:37]} Re1+ {[%clk 0:07:19]} 67. Kxa2 {[%clk 0:29:01]} Re2 {[%clk
0:07:44]} 0-1

[Event "Irena Warakomska Memorial A"]
[Site "Suwalki"]
[Date "2021.08.03"]
[Round "9"]
[White "Kiolbasa, Oliwia"]
[Black "Zylka, Stanislaw"]
[Result "1/2-1/2"]
[Board "13"]
[WhiteElo "2255"]
[WhiteTitle "WIM"]
[WhiteCountry "POL"]
[WhiteFideId "1154613"]
[WhiteEloChange "3"]
[BlackElo "2362"]
[BlackTitle "FM"]
[BlackCountry "POL"]
[BlackFideId "1189654"]
[BlackEloChange "-3"]

1. e4 {[%clk 1:30:58]} c6 {[%clk 1:23:03]} 2. d4 {[%clk 1:31:23]} d5 {[%clk
1:23:23]} 3. e5 {[%clk 1:31:42]} Bf5 {[%clk 1:23:42]} 4. Nf3 {[%clk 1:32:01]} e6
{[%clk 1:24:04]} 5. Be2 {[%clk 1:32:25]} Be7 {[%clk 1:24:26]} 6. Nbd2 {[%clk
1:30:19]} Nd7 {[%clk 1:23:04]} 7. Nb3 {[%clk 1:28:31]} h5 {[%clk 1:21:54]} 8. O-O
{[%clk 1:26:57]} h4 {[%clk 1:18:41]} 9. a4 {[%clk 1:24:24]} a5 {[%clk 1:18:02]}
10. c3 {[%clk 1:21:36]} Nh6 {[%clk 1:15:35]} 11. Bd2 {[%clk 1:17:07]} Bg6 {[%clk
1:12:56]} 12. Nc1 {[%clk 1:14:56]} Nf5 {[%clk 1:11:11]} 13. Nd3 {[%clk 1:13:49]}
Qc7 {[%clk 1:07:59]} 14. Re1 {[%clk 1:05:11]} c5 {[%clk 1:02:18]} 15. dxc5 {[%clk
0:53:19]} Nxc5 {[%clk 1:02:20]} 16. Nxc5 {[%clk 0:53:14]} Bxc5 {[%clk 1:02:04]}
17. Bb5+ {[%clk 0:53:08]} Kf8 {[%clk 1:02:12]} 18. Bg5 {[%clk 0:47:28]} Kg8
{[%clk 0:53:43]} 19. Qd2 {[%clk 0:43:42]} Rf8 {[%clk 0:46:43]} 20. Rac1 {[%clk
0:39:15]} Be7 {[%clk 0:43:20]} 21. Bxe7 {[%clk 0:37:46]} Nxe7 {[%clk 0:42:35]}
22. h3 {[%clk 0:35:47]} Be4 {[%clk 0:40:22]} 1/2-1/2

[Event "Irena Warakomska Memorial A"]
[Site "Suwalki"]
[Date "2021.08.03"]
[Round "9"]
[White "Sowul, Bartosz"]
[Black "Kucza, Karol"]
[Result "1/2-1/2"]
[Board "14"]
[WhiteElo "2186"]
[WhiteCountry "POL"]
[WhiteFideId "1137590"]
[WhiteEloChange "4"]
[BlackElo "2337"]
[BlackTitle "FM"]
[BlackCountry "POL"]
[BlackFideId "1159755"]
[BlackEloChange "-4"]

1. Nf3 {[%clk 1:30:54]} d5 {[%clk 1:30:49]} 2. c4 {[%clk 1:31:18]} d4 {[%clk
1:31:14]} 3. b4 {[%clk 1:31:30]} Bg4 {[%clk 1:31:18]} 4. Qb3 {[%clk 1:30:53]} Nf6
{[%clk 1:28:05]} 5. g3 {[%clk 1:29:33]} Bxf3 {[%clk 1:18:13]} 6. Qxf3 {[%clk
1:29:54]} e5 {[%clk 1:18:34]} 7. Qxb7 {[%clk 1:19:34]} Nbd7 {[%clk 1:18:57]} 8.
Bg2 {[%clk 1:18:53]} Rb8 {[%clk 1:19:05]} 9. Qxa7 {[%clk 1:17:46]} Bxb4 {[%clk
1:19:22]} 10. O-O {[%clk 1:06:37]} Rb6 {[%clk 1:09:27]} 11. Qa4 {[%clk 1:00:12]}
d3 {[%clk 1:08:03]} 12. Ba3 {[%clk 0:51:07]} dxe2 {[%clk 1:04:30]} 13. Re1 {[%clk
0:51:24]} Qe7 {[%clk 0:58:39]} 14. Rxe2 {[%clk 0:45:00]} O-O {[%clk 0:56:55]} 15.
d4 {[%clk 0:41:44]} Rfb8 {[%clk 0:57:20]} 16. c5 {[%clk 0:31:51]} Bxc5 {[%clk
0:56:41]} 17. dxc5 {[%clk 0:32:03]} Rxb1+ {[%clk 0:57:05]} 18. Re1 {[%clk
0:32:26]} Rxa1 {[%clk 0:57:06]} 19. Rxa1 {[%clk 0:32:50]} e4 {[%clk 0:42:56]} 20.
c6 {[%clk 0:22:55]} Qe5 {[%clk 0:40:36]} 21. Rd1 {[%clk 0:21:40]} Nb6 {[%clk
0:39:42]} 22. Qd4 {[%clk 0:21:31]} Qe6 {[%clk 0:36:57]} 23. g4 {[%clk 0:14:27]}
h6 {[%clk 0:36:04]} 24. h3 {[%clk 0:10:25]} Qxc6 {[%clk 0:31:41]} 25. Be7 {[%clk
0:10:02]} Nbd5 {[%clk 0:27:23]} 26. Bxe4 {[%clk 0:07:48]} Nxe4 {[%clk 0:27:42]}
27. Qxe4 {[%clk 0:07:52]} Nxe7 {[%clk 0:27:59]} 28. Qxe7 {[%clk 0:08:13]} Qc4
{[%clk 0:22:40]} 1/2-1/2